Hotový WMS, nebo na míru?
Moderné sklady sa nezaobídu bez zodpovedajúceho softvérového vybavenia. Logistické firmy preto uvažujú, či si zaobstarať hotový systém pre riadenie skladu (WMS) alebo si ho nechať „ ušiť na mieru“, prípadne vytvoriť samostatne. Vzájomné porovnanie a nevyhnutné náležitosti pri vytvorení vhodného WMS....
Na minha lista:
| Autor principal: | |
|---|---|
| Formato: | Capítulo de Livro |
| Idioma: | tcheco |
| Assuntos: | |
| Tags: |
Sem tags, seja o primeiro a adicionar uma tag!
|
MARC
| LEADER | 00000naa a2200000 4500 | ||
|---|---|---|---|
| 001 | 0249633 | ||
| 005 | 20181218095244.4 | ||
| 041 | 0 | |a cze | |
| 044 | |a CZ | ||
| 245 | 1 | 0 | |a Hotový WMS, nebo na míru? |c Pavel Toman |
| 520 | |a Moderné sklady sa nezaobídu bez zodpovedajúceho softvérového vybavenia. Logistické firmy preto uvažujú, či si zaobstarať hotový systém pre riadenie skladu (WMS) alebo si ho nechať „ ušiť na mieru“, prípadne vytvoriť samostatne. Vzájomné porovnanie a nevyhnutné náležitosti pri vytvorení vhodného WMS. Názory odborníkov zo softvérových firiem a skúsenosti z praxe logistických a obchodných spoločností. | ||
| 610 | 2 | 0 | |a logistika |
| 610 | 2 | 0 | |a technológie informačné |
| 610 | 2 | 0 | |a technológie komunikačné |
| 610 | 2 | 0 | |a technológie nové |
| 610 | 2 | 0 | |a softvér |
| 610 | 2 | 0 | |a systémy informačné logistické |
| 100 | 1 | |a Toman, Pavel | |